Équipes en Ligue des Champions (2023-2024) - Statistiques

Statistiques générales
  • Ce quiz a été pris 1 396 fois
  • Le résultat moyen est 21 sur 32
Statistiques - réponses
Réponse % Correct
Groupe F Paris Saint-Germain
97%
Groupe C Real Madrid
94%
Groupe G Manchester City
93%
Groupe H FC Barcelone
92%
Groupe F AC Milan
91%
Groupe A Bayern Munich
91%
Groupe F Borussia Dortmund
90%
Groupe B Arsenal
87%
Groupe A Manchester United
86%
Groupe D Inter Milan
85%
Groupe B RC Lens
82%
Groupe F Newcastle
78%
Groupe E Atletico Madrid
76%
Groupe C Naples
75%
Groupe H FC Porto
70%
Groupe B FC Séville
69%
Groupe B PSV Eindhoven
67%
Groupe D Benfica
64%
Groupe G RB Leipzig
63%
Groupe A Galatasaray
55%
Groupe A FC Copenhague
51%
Groupe D Real Sociedad
49%
Groupe E Lazio
43%
Groupe C Union Berlin
42%
Groupe H Shaktar Donetsk
41%
Groupe E Celtic Glasgow
38%
Groupe E Feyenoord Rotterdam
35%
Groupe C SC Braga
35%
Groupe G Young Boys Berne
34%
Groupe H Royal Antwerp
33%
Groupe G Étoile Rouge de Belgrade
32%
Groupe D RB Salzbourg
28%
Aucun quiz correspondant
Distribution des résultats
% des personnes avec chaque résultat
Percentile par nombre de réponses
Votre historique - résultats
Vous n’avez pas pris ce quiz